000 002480000a22000970004500
100 1 _aNeira, Armando
245 1 0 _aLa maravillosa resurrección de los cóndores
300 _aVol. 9, Núm 9 (1993), Páginas 22-28
773 0 _tCambio 16
942 _cANA
999 _c58520
_d58520